Ο λόγος στην ουτοπία : για μια ανθρωποκεντρική κοινωνία πέρα από το φαύλο κύκλο της αποξένωσης και της αστικής ηγεμονίας
Αποθηκεύτηκε σε:
| Κύριος συγγραφέας: | |
|---|---|
| Μορφή: | Βιβλίο |
| Γλώσσα: | Greek |
| Δημοσίευση: |
Αθήνα :
Γκοβόστη,
[x.x.]
|
| Θέματα: | |
| Ετικέτες: |
Προσθήκη ετικέτας
Δεν υπάρχουν, Καταχωρήστε ετικέτα πρώτοι!
|
MARC
| LEADER | 00000nam a2200000 i 4500 | ||
|---|---|---|---|
| 001 | 1/14166 | ||
| 008 | 980428s gre d | ||
| 020 | |a 960-270-752-6 | ||
| 035 | |l 10019321 | ||
| 040 | |a GR-MY-UA |b gre |e aacr | ||
| 041 | 0 | |a gre | |
| 082 | 0 | |a 321.07 | |
| 100 | 1 | |a Ρούσης, Γιώργος Τ. |d 1948- | |
| 245 | 1 | 2 | |a Ο λόγος στην ουτοπία : |b για μια ανθρωποκεντρική κοινωνία πέρα από το φαύλο κύκλο της αποξένωσης και της αστικής ηγεμονίας / |c Γιώργος Τ. Ρούσης |
| 260 | |a Αθήνα : |b Γκοβόστη, |c [x.x.] | ||
| 300 | |a 314 σ. | ||
| 650 | 0 | 0 | |a Utopias |x History. |
| 650 | 0 | 0 | |a Utopias |x Political system. |
| 852 | |a INST |b LESVOS |e 19980428 |h 321.07 ΡΟΥ |p 005100014111 |q 005100014111 |t BK |y 0 | ||
| 901 | |a BIBL-1998-2 | ||
| 909 | |a Λ |b 055597 | ||
| 922 | |a 1ΕΛΗ |b 199804 |c ΚΠΣ/ΤΚ |d EMVASIS | ||
| 950 | |a 103-1998-02-03 | ||
| 970 | |z 2000/05/ΟΙΚΟΝΟΜΟΠΟΥΛΟΥ ΧΡΙΣΤΙΝΑ | ||